000 00371nam a2200157Ia 4500
008 150509s9999 xx 000 0 und d
082 _a331.880942 FLA
100 _aFlanders, Allan
245 _aTrade unions
260 _aLondon:
260 _bHutchinson
260 _c1968
300 _a212p. :ill. ;22cm
500 _aIndex
650 _aLabour unions. Great Britain
999 _c7488
_d7488